Statistics for Famous Conquerors (difficult)

Click here to take the quiz!

General Stats

  • This quiz has been taken 92 times
  • The average score is 9 of 18

Answer Stats

Hint Answer % Correct
Tutored by Aristotle, he reigned over Macedonia, Egypt, Persia and AsiaAlexander the Great
93%
German... 1939-1945... etc.Adolf Hitler
89%
Founder of the Mongol Empire. Also, there's a small chance that you're a descendant of hisGenghis Khan
85%
The month of July is named after him... "Even you Brutus?"Julius Caesar
83%
Born Gaius Octavius, he was the founder of the Roman EmpireAugustus
80%
French military leader in French Revolution. "History is a set of lies agreed upon"Napoleon Bonaparte
77%
Leader of the Hunnic Empire plundering the BalkansAttila the Hun
72%
This King of the Franks became the first Holy Roman EmperorCharlemagne
69%
Illegitimate King of England who conquered Scotland and WalesWilliam the Conqueror
41%
Founder of the Achaemenid EmpireCyrus the Great
39%
Half paralysed, he became the warlord king of a nomadic tribe and had a dynasty named after himTimur the Lame
37%
Founder of the Qin DynastyQin Shi Huang
37%
A buddhist ruler who owned most of the Indian subcontinentAshoka the Great
31%
Powerful Japanese daimyo who was depicted in Kurosawa's film 'Kagemusha'Oda Nobunaga
20%
Egyptian military genius was the sixth pharaoh of the 18th dynastyThutmose lll
12%
Religious successor to the prophet Muhammad, ruling the Sasanian and Byzantine EmpireUmar
9%
Most prominent ruler of the Ghaznavid EmpireMahmud of Ghazni
9%
His reign marked the beginning of the "golden age". Ruler of Gupta EmpireSamudragupta the Great
3%

Score Distribution

Percentile by Number Answered

Percent of People with Each Score

Your Score History

You have not taken this quiz